| 000 | 00433fam a2200157 a 4500 | ||
|---|---|---|---|
| 020 | _a0669144932 | ||
| 040 |
_cDLC _cCtY |
||
| 082 | _a338 HEA 1991 A074 Or. | ||
| 100 | 1 | _aHenderson, J. Vernon. | |
| 245 | 1 | 0 | _aPrinciples of macroeconomics / |
| 260 | 0 |
_aLexington, Mass. : _bD.C. Heath, _cc1991. |
|
| 300 |
_axxx, 714, [46] p. : _bill. (some col.) ; _c26 cm. |
||
| 650 | 0 | _aMacroeconomics. | |
| 700 | 1 | _aPoole, William, | |
| 942 | _cEK | ||
| 999 |
_c15104 _d15104 |
||